000 00713nam a2200241Ia 4500
003 OSt
005 20220925235320.0
006 a|||||r|||| 00| 0
007 ta
008 220923b |||||||| |||| 00| 0 eng d
037 _cGeneral Book
040 _aRTL
_cRTL
_beng
041 _2eng
_aeng
082 _aX:89K.2.N8, M9
100 _aYadav Hanuman Singh Ed.
_9301185
245 0 _aPlanning regional development and disparities in I
260 _a New Delhi
_bCriterion India
_c1989
300 _axxiv, 299p
_ccm.
500 _aBibliography chapterwise
650 _aRegional Economics
942 _hX:89K.2.N8, M9
_cGB
_2CC
999 _c597120
_d597120